000 00743nam a2200205Ia 4500
003 GCL
008 140319s9999 xx 000 0 ara d
040 _aGCL /
_cGCL
082 0 4 _a512.12
_bم ج
100 1 _aرشدى راشد \\=aالمظفر الطوس, المظفر بن محمدv \\=aنقولا فارسv
245 1 0 _aالجبر والهندسة فى القرن الثانى عشر /
_cرشدى راشد
260 _a[S.N] :
_bمركز دراسات الوحدة العربية ،
_c1998
300 _a718 ص
490 _aسلسلة تاريخ العلوم العربية
_v0
650 0 4 _aالتحليل الرياضى
650 0 4 _aالجبر
650 0 4 _aالهندسة
650 0 4 _aالرياضيات
942 _2ddc
_cBK
999 _c36979
_d36979